000 00874nam a2200253Ia 4500
003 GCL
008 140319s9999 xx 000 0 ara d
040 _aGCL /
_cGCL
082 0 4 _a355.43
_bم ا
100 1 _aمصطفى طلاس
245 1 0 _aالاستراتيجية السياسية العسكرية /
_cمصطفى طلاس
700 1 _aمجموعة من الباحثين
260 _a[S.N] :
_bطلاس للدراسات والترجمة والنشر ،
_c1991
300 _aمتعدد
490 _a
650 0 4 _aالاتحاد السوفيتى
650 0 4 _aالولايات المتحدة الامريكية
650 0 4 _aالعلوم الحربية
650 0 4 _aالحرب
650 0 4 _aالاستراتيجية
650 0 4 _aالاخلاق العسكرية
650 0 4 _aالحرب العالمية الثانية 1939 - 1945
942 _2ddc
_cBK
999 _c35289
_d35289